1619 1630 1730 1017 1512 1119 1808 1308 1951 1941 1263 1472 1439 1887 1980 1581 1148 1723 1404 1170 1227 1666 1739 1646 1649 1904 1513 1792 1136 1872 1949 1715 1663 1976 1179 1983 1435 1441 1622 1863 1672 1182 1141 1138 1653 1394 1462 1699 1548 1192 1821 1133 1823 1428 1661 1716 1057 1518 1873 1477 1666 1128 1981 1252 1502 1256 1619 1578 1964 1886 1297 1957 1499 1553 1130 1898 1901 1924 1853 1410 1619 1677 1054 1679 1260 1642 1165 1912 1072 1036 1493 2000 1959 1275 1098 1165 1350 1956 1097 BCNSPRNW ULIB Ver.6.0+V

เปลี่ยนเป็นภาษาไทย

Change to English
 แสดงรายละเอียดบรรณานุกรม
  กลับหน้าหลัก

Brief Record : Get Marc (ISO 2709) : E-mail record : QR code < ปิดหน้าต่าง
LEADER : 00000nam 2200000uu 4500
001    13399128994
003     ULIB
008    250501s2567||||th 000 0 tha d
020 ^^ ^a9786162716256
060 ^^ ^aWY150.2^bก671ก
100 ^^ ^aกิตติกร นิลมานัต.
245 ^^ ^aการพยาบาลผู้ป่วยผู้ใหญ่และผู้สูงอายุที่มีปัญหาทางอายุรศาสตร์ :^bกรณีศึกษา /^cกิตติกร นิลมานัต, วราภรณ์ คงสุวรรณ, บรรณาธิการ
250 ^^ ^aพิมพ์ครั้งที่ 2
260 ^^ ^aสงขลา :^bสาขาวิชาการพยาบาลผู้ใหญ่และผู้สูงอายุ คณะพยาบาลศาสตร์ มหาวิทยาลัยสงขลานครินทร์, ^c2567
300 ^^ ^avi, 170 หน้า :^bภาพประกอบ, ตาราง ;^c24 ซม.
505 ^^ ^aสารบาญ: การใช้กระบวนการพยาบาลสำหรับผู้ป่วยผู้ใหญ่และผู้สูงอายุที่มีปัญหาทางอายุรศาสตร์ - - การพยาบาลผู้ป่วยที่มีภาวะเลือดออกในระบบทางเดินอาหารส่วนบน - - การพยาบาลผู้ป่วยโรคหืด - - การพยาบาลผู้ป่วยโรคไตวายเรื้อรัง - - การพยาบาลผู้ป่วยวิกฤตที่มีภาวะหายใจล้มเหลว - - การพยาบาลผู้ป่วยที่มีการหย่าเครื่องช่วยหายใจ - - การพยาบาลผู้ป่วยวิกฤตระยะสุดท้ายและใกล้ตาย
590 ^^ ^aกิตติกร นิลมานัต, และวราภรณ์ คงสุวรรณ (บรรณาธิการ). ^bการพยาบาลผู้ป่วยผู้ใหญ่และผู้สูงอายุที่มีปัญหาทางอายุรศาสตร์: กรณีศึกษา ^c(พิมพ์ครั้งที่ 2). ^dสาขาวิชาการพยาบาลผู้ใหญ่และผู้สูงอายุ คณะพยาบาลศาสตร์ มหาวิทยาลัยสงขลานครินทร์.
591 ^^ ^aกิตติกร นิลมานัต, วราภรณ์ คงสุวรรณ, บรรณาธิการ. การพยาบาลผู้ป่วยผู้ใหญ่และผู้สูงอายุที่มีปัญหาทางอายุรศาสตร์: กรณีศึกษา. พิมพ์ครั้งที่ 2. สงขลา: สาขาวิชาการพยาบาลผู้ใหญ่และผู้สูงอายุ คณะพยาบาลศาสตร์ มหาวิทยาลัยสงขลานครินทร์; 2567.
650 ^^ ^aผู้ใหญ่ ^xการพยาบาล
690 ^^ ^aสาขาวิชาการพยาบาลผู้ใหญ่
700 ^^ ^aวราภรณ์ คงสุวรรณ
945    ^p250^l0^i011314
945    ^p250^l0^i011315
945    ^p250^l0^i011321
945    ^p250^l0^i011322
999    ^aประนอม เกษจรัล
รายการนี้ยังไม่มีแท็ก
คุณยังไม่ได้ล็อกอิน คุณสามารถมีกิจกรรมร่วมกับเว็บไซต์ได้ แต่ต้องล็อกอินก่อน ::
  ล็อกอิน

รายการสื่อสารสนเทศ

ลำดับที่ ประเภท เลขเรียก/บาร์โค้ด สถานที่ สถานะ
1. Book การพยาบาล
หนังสือสำรอง
สถานะ=หนังสือสำรอง
WY150.2 ก671ก ฉ.1 
  Barcode: 011314
ห้องสมุดวิทยาเขตสวรรค์ประชารักษ์
►หนังสือทั่วไป
ถูกยืม กำหนดส่งวันที่ 2 กุมภาพันธ์ 2569
  จอง
2. Book การพยาบาล
Book การพยาบาล
WY150.2 ก671ก ฉ.2 
  Barcode: 011315
ห้องสมุดวิทยาเขตสวรรค์ประชารักษ์
►หนังสือทั่วไป
บนชั้น
3. Book การพยาบาล
Book การพยาบาล
WY150.2 ก671ก ฉ.3 
  Barcode: 011321
ห้องสมุดวิทยาเขตสวรรค์ประชารักษ์
►หนังสือทั่วไป
บนชั้น
4. Book การพยาบาล
Book การพยาบาล
WY150.2 ก671ก ฉ.4 
  Barcode: 011322
ห้องสมุดวิทยาเขตสวรรค์ประชารักษ์
►หนังสือทั่วไป
บนชั้น

BibComment


ยังไม่เคยถูกคอมเมนท์

คอมเมนท์ทรัพยากรรายการนี้
  คอมเมนท์: การพยาบาลผู้ป่วย..


 Copyright 2026. Bcnsprnw @Library